| 000 | 00797cam a22002295a 4500 | ||
|---|---|---|---|
| 999 |
_c17026 _d16998 |
||
| 005 | 20201128020934.0 | ||
| 008 | 110407t2012 maua frb 001 0 eng d | ||
| 020 | _a0205006272 | ||
| 020 | _a9780205006274 | ||
| 040 |
_aEG-ScBUE _beng _cEG-ScBUE _dEG-ScBUE |
||
| 082 | 0 | 4 |
_a320 _bPOL _222 |
| 245 | 0 | 0 |
_aPolitical Science : _ban introduction / _cMichael G. Roskin... [et al.]. |
| 250 | _a12th ed., International ed. | ||
| 260 |
_aBoston, Mass : _bLongman / Pearson Education, _cc.2012. |
||
| 300 |
_axvi, 383 p. : _bill. (some col.) ; _c24 cm. |
||
| 504 | _aIncludes bibliographical references and index. | ||
| 650 | 7 |
_aPolitical science _2BUEsh _91313 |
|
| 651 | _2BUEsh | ||
| 653 |
_bBUSBOL _cSeptember2012 _cSeptember2013 _cOctober2018 |
||
| 700 | 1 |
_aRoskin, Michael, _d1939- _930972 |
|
| 942 | _2ddc | ||